John : the Gospel of belief /
সংরক্ষণ করুন:
| প্রধান লেখক: | |
|---|---|
| বিন্যাস: | গ্রন্থ |
| ভাষা: | ইংরেজি |
| প্রকাশিত: |
Grand Rapids, Michigan :
William B. Eerdmans Publishing,
c1963.
|
| বিষয়গুলি: | |
| ট্যাগগুলো: |
কোনো ট্যাগ নেই, প্রথমজন হিসাবে ট্যাগ করুন!
|
MARC
| LEADER | 00000cam a22000002 4500 | ||
|---|---|---|---|
| 001 | 0000020793 | ||
| 005 | 20171002015342.0 | ||
| 008 | 060531s xx 000 0 eng d | ||
| 040 | |a Daystar |d LKithuka | ||
| 050 | 0 | 0 | |a BS 2410 |b .T45 |
| 100 | 1 | |a Tenney, Merrill C. | |
| 245 | 1 | 0 | |a John : |b the Gospel of belief / |c Merrill C. Tenney. |
| 260 | |a Grand Rapids, Michigan : |b William B. Eerdmans Publishing, |c c1963. | ||
| 300 | |a 321 p. | ||
| 504 | |a Includes bibliographical references and index. | ||
| 630 | 0 | 0 | |a Bible N.T John |x Commentries. |
| 908 | |a 060531 | ||
| 942 | |c G | ||
| 952 | |0 0 |1 0 |4 0 |6 BS_2410_000000000000000_T45 |7 0 |9 14509 |a DUA |b DUA |c GC |d 2017-09-28 |l 0 |o BS 2410.T45 |p BK003789 |r 2017-09-28 00:00:00 |t c. |w 2017-09-28 |x 253 |y G | ||
| 995 | |a Daystar | ||
| 999 | |c 9261 |d 9261 | ||